Statistiques concernant Super-héros par logos

Cliquez ici pour prendre le quiz!

Statistiques générales

  • Ce quiz a été pris 1 892 fois
  • Le résultat moyen est 6 sur 9

Statistiques - réponses

Réponse% Correct
Superman
100%
Avengers
95%
Captain America
95%
Wonder Woman
87%
Green Lantern
82%
X-Men
62%
Robin
55%
Fantastic Four
26%
The Incredibles
26%

Distribution des résultats

Percentile par nombre de réponses

% des personnes avec chaque résultat

Votre développement - résultats

Vous n’avez pas pris ce quiz